[Event "FIDE World Rapid-ch Open 2018"]
[White "Gordievsky, Dmitry"]
[Black "Yeritsyan, Aram"]
[Site "St. Petersburg"]
[Round "13.87"]
[Annotator "ChessBase"]
[Result "0-1"]
[Date "2018.12.28"]
[WhiteElo "2614"]
[BlackElo "2372"]
[PlyCount "90"]
[TimeControl "900+10"]

1. Nf3 {[%emt 0:0:0]} Nf6 {[%emt 0:0:0]} 2. c4 {[%emt 0:0:0]} e6 {[%emt 0:0:0]
} 3. b3 {[%emt 0:0:0]} b6 {[%emt 0:0:1]} 4. g3 {[%emt 0:0:0]} Bb7 {[%emt 0:0:2]} 5. Bg2 {[%emt 0:0:0]} Be7 {[%emt 0:0:1]} 6. 0-0 {[%emt 0:0:0]
} 0-0 {[%emt 0:0:3]} 7. Bb2 {[%emt 0:0:0]} c5 {[%emt 0:0:7]
} 8. Nc3 {[%emt 0:0:2]} d5 {[%emt 0:0:4]} 9. e3 {[%emt 0:0:1]} Nbd7 {[%emt 0:0:12]
} 10. Qe2 {[%emt 0:0:21]} Rc8 {[%emt 0:0:13]} 11. d3 {[%emt 0:0:0]} Qc7 {[%emt 0:2:50]} 12. Rad1 {[%emt 0:0:28]} e5 {[%emt 0:0:19]} 13. e4 {[%emt 0:0:40]} d4 {[%emt 0:0:9]} 14. Nd5 {[%emt 0:0:27]} Nxd5 {[%emt 0:0:0]} 15. cxd5 {[%emt 0:0:18]} b5 {[%emt 0:0:59]} 16. Nd2 {[%emt 0:0:1]} Nb6 {[%emt 0:0:42]} 17. Bh3 {[%emt 0:0:2]} Rcd8 {[%emt 0:0:18]} 18. Rc1 {[%emt 0:0:26]
} Bc8 {[%emt 0:0:36]} 19. Bxc8 {[%emt 0:0:12]} Rxc8 {[%emt 0:0:0]} 20. f4 {[%emt 0:0:10]} Bd6 {[%emt 0:2:4]} 21. fxe5 {[%emt 0:0:35]} Bxe5 {[%emt 0:0:1]} 22. Nf3 {[%emt 0:0:1]} Qe7 {[%emt 0:0:14]} 23. Nxe5 {[%emt 0:0:21]
} Qxe5 {[%emt 0:0:1]} 24. Rf5 {[%emt 0:0:17]} Qd6 {[%emt 0:0:0]} 25. Qg4 {[%emt 0:1:47]} a5 {[%emt 0:0:27]} 26. Rcf1 {[%emt 0:0:24]} Rce8 {[%emt 0:1:10]} 27. Qf4 {[%emt 0:0:46]} Qxf4 {[%emt 0:0:2]} 28. gxf4 {[%emt 0:0:3]
} f6 {[%emt 0:0:57]} 29. d6 {[%emt 0:2:3]} Nd7 {[%emt 0:0:1]
} 30. Rc1 {[%emt 0:1:20]} Rc8 {[%emt 0:0:1]} 31. Kf2 {[%emt 0:0:26]} Kf7 {[%emt 0:0:50]
} 32. Rd5 {[%emt 0:0:15]} Ke6 {[%emt 0:0:45]} 33. f5+ {[%emt 0:0:0]} Kf7 {[%emt 0:0:3]} 34. Ke2 {[%emt 0:0:2]} g5 {[%emt 0:0:29]} 35. Bxd4 {[%emt 0:1:7]} cxd4 {[%emt 0:0:2]} 36. Rc7 {[%emt 0:0:0]} Rxc7 {[%emt 0:0:10]
} 37. dxc7 {[%emt 0:0:3]} Ke7 {[%emt 0:0:5]} 38. Rxb5 {[%emt 0:1:40]
} Rc8 {[%emt 0:0:1]} 39. Rxa5 {[%emt 0:0:13]} Rxc7 {[%emt 0:0:0]} 40. Kd2 {[%emt 0:0:2]} Ne5 {[%emt 0:0:17]} 41. b4 {[%emt 0:0:52]} Rc3 {[%emt 0:0:8]} 42. Ra7+ {[%emt 0:0:10]} Kd8 {[%emt 0:0:5]} 43. b5 {[%emt 0:0:25]
} Rxd3+ {[%emt 0:0:2]} 44. Ke2 {[%emt 0:0:14]} Re3+ {[%emt 0:0:0]} 45. Kd1 {[%emt 0:0:5]} Nc4 {[%emt 0:0:20]} 0-1

[Event "FIDE World Rapid-ch Open 2018"]
[White "Pershin, Denis"]
[Black "Vlassov, Nikolai"]
[Site "St. Petersburg"]
[Round "13.88"]
[Annotator "NA"]
[Result "1-0"]
[Date "2018.12.28"]
[WhiteElo "2400"]
[BlackElo "2401"]
[PlyCount "51"]
[TimeControl "900+10"]

1. d4 {[%emt 0:0:0]} Nf6 {[%emt 0:2:19]} 2. Nc3 {[%emt 0:0:0]} d5 {[%emt 0:0:1]
} 3. Bf4 {[%emt 0:0:0]} c6 {[%emt 0:0:16]} 4. e3 {[%emt 0:0:0]} b5 {[%emt 0:0:12]} 5. Bd3 {[%emt 0:0:17]} Bg4 {[%emt 0:0:16]} 6. Nf3 {[%emt 0:1:7]
} Nbd7 {[%emt 0:0:5]} 7. h3 {[%emt 0:0:20]} Bh5 {[%emt 0:0:0]} 8. g4 {[%emt 0:2:12]} Bg6 {[%emt 0:0:1]} 9. Ne5 {[%emt 0:0:2]} Rc8 {[%emt 0:2:37]
} 10. h4 {[%emt 0:1:22]} e6 {[%emt 0:0:22]} 11. Be2 {[%emt 0:0:0]} b4 {[%emt 0:4:46]} 12. Nb1 {[%emt 0:0:10]} c5 {[%emt 0:1:42]} 13. h5 {[%emt 0:0:14]} Be4 {[%emt 0:0:16]} 14. f3 {[%emt 0:0:1]} Bxc2 {[%emt 0:0:0]} 15. Qxc2 {[%emt 0:0:2]} cxd4 {[%emt 0:0:1]} 16. Qa4 {[%emt 0:0:56]} Rc1+ {[%emt 0:0:15]} 17. Bd1 {[%emt 0:0:1]} Bd6 {[%emt 0:1:32]} 18. exd4 {[%emt 0:0:22]
} Rxd1+ {[%emt 0:0:51]} 19. Qxd1 {[%emt 0:0:6]} Qc7 {[%emt 0:0:0]} 20. Qe2 {[%emt 0:0:32]} 0-0 {[%emt 0:0:13]} 21. Nd2 {[%emt 0:0:10]} Rc8 {[%emt 0:0:24]} 22. 0-0 {[%emt 0:0:5]} Qc2 {[%emt 0:0:43]} 23. Rac1 {[%emt 0:0:28]
} Qxc1 {[%emt 0:0:2]} 24. Rxc1 {[%emt 0:0:1]} Rxc1+ {[%emt 0:0:0]} 25. Kg2 {[%emt 0:0:1]} Nb6 {[%emt 0:0:9]} 26. Nd3 {[%emt 0:0:6]} 1-0

[Event "FIDE World Rapid-ch Open 2018"]
[White "Dzhumagaliev, Yan"]
[Black "Ovchinnikov, Vsevolod"]
[Site "St. Petersburg"]
[Round "13.89"]
[Annotator "NA"]
[Result "1-0"]
[Date "2018.12.28"]
[WhiteElo "2410"]
[BlackElo "2329"]
[PlyCount "141"]
[TimeControl "900+10"]

1. d4 {[%emt 0:0:0]} Nf6 {[%emt 0:0:0]} 2. c4 {[%emt 0:0:0]} g6 {[%emt 0:0:0]} 3. Nf3 {[%emt 0:0:7]} Bg7 {[%emt 0:0:0]} 4. g3 {[%emt 0:0:3]} d5 {[%emt 0:0:0]} 5. cxd5 {[%emt 0:0:25]} Nxd5 {[%emt 0:0:0]} 6. Bg2 {[%emt 0:0:2]
} Nb6 {[%emt 0:0:1]} 7. Nc3 {[%emt 0:0:41]} Nc6 {[%emt 0:0:0]} 8. e3 {[%emt 0:1:31]} 0-0 {[%emt 0:0:11]} 9. 0-0 {[%emt 0:0:12]} Re8 {[%emt 0:0:39]
} 10. d5 {[%emt 0:1:53]} Na5 {[%emt 0:2:4]} 11. Nd4 {[%emt 0:0:0]} Bd7 {[%emt 0:0:16]} 12. Nb3 {[%emt 0:0:2]} Nxb3 {[%emt 0:4:10]} 13. Qxb3 {[%emt 0:0:13]} e6 {[%emt 0:0:9]} 14. e4 {[%emt 0:0:29]} exd5 {[%emt 0:0:10]
} 15. exd5 {[%emt 0:0:2]} a5 {[%emt 0:5:0]} 16. a4 {[%emt 0:0:0]} Qe7 {[%emt 0:0:19]} 17. Nb5 {[%emt 0:3:6]} Bxb5 {[%emt 0:0:18]} 18. Qxb5 {[%emt 0:0:1]} Qb4 {[%emt 0:0:19]} 19. Qxb4 {[%emt 0:0:2]} axb4 {[%emt 0:0:1]
} 20. a5 {[%emt 0:0:0]} Nc4 {[%emt 0:0:23]} 21. Ra4 {[%emt 0:0:0]} Rxa5 {[%emt 0:2:15]} 22. Rxb4 {[%emt 0:0:5]} Nd6 {[%emt 0:0:3]} 23. Bf4 {[%emt 0:0:23]} Be5 {[%emt 0:0:9]} 24. Bh6 {[%emt 0:3:14]} Rb5 {[%emt 0:0:36]
} 25. Rxb5 {[%emt 0:0:10]} Nxb5 {[%emt 0:0:2]} 26. Rc1 {[%emt 0:0:52]
} Bd6 {[%emt 0:1:53]} 27. Be3 {[%emt 0:0:3]} b6 {[%emt 0:0:0]} 28. Bf1 {[%emt 0:0:13]} Na7 {[%emt 0:0:1]} 29. Ra1 {[%emt 0:0:3]} Nc8 {[%emt 0:0:16]} 30. Ra8 {[%emt 0:0:1]} Be5 {[%emt 0:0:11]} 31. Bb5 {[%emt 0:0:4]
} Rf8 {[%emt 0:0:2]} 32. Ra2 {[%emt 0:1:25]} Ne7 {[%emt 0:0:0]} 33. Bc4 {[%emt 0:0:17]} Rd8 {[%emt 0:0:13]} 34. Bg5 {[%emt 0:0:2]} Kf8 {[%emt 0:0:11]} 35. b3 {[%emt 0:0:21]} f6 {[%emt 0:0:6]} 36. Bh6+ {[%emt 0:0:0]} Ke8 {[%emt 0:0:1]} 37. Re2 {[%emt 0:0:20]} Kd7 {[%emt 0:0:16]} 38. g4 {[%emt 0:1:0]} Kd6 {[%emt 0:0:8]} 39. Be3 {[%emt 0:0:57]} b5 {[%emt 0:0:0]} 40. f4 {[%emt 0:1:26]} Bc3 {[%emt 0:0:11]} 41. Bxb5 {[%emt 0:0:4]} Nxd5 {[%emt 0:0:1]} 42. Bc1 {[%emt 0:0:7]} Bd4+ {[%emt 0:0:8]} 43. Kg2 {[%emt 0:0:12]
} Nc3 {[%emt 0:0:2]} 44. Re8 {[%emt 0:0:12]} Rxe8 {[%emt 0:0:0]} 45. Bxe8 {[%emt 0:0:1]} Nd5 {[%emt 0:0:33]} 46. Kf3 {[%emt 0:0:5]} c5 {[%emt 0:0:12]} 47. Bf7 {[%emt 0:0:4]} Nc7 {[%emt 0:0:9]} 48. h4 {[%emt 0:0:0]} Ke7 {[%emt 0:0:2]} 49. Bc4 {[%emt 0:0:5]} h6 {[%emt 0:0:15]} 50. Ke4 {[%emt 0:0:7]} Bf2 {[%emt 0:0:13]} 51. h5 {[%emt 0:0:3]} gxh5 {[%emt 0:0:13]
} 52. gxh5 {[%emt 0:0:1]} Ne8 {[%emt 0:0:2]} 53. Kf5 {[%emt 0:0:8]
} Nd6+ {[%emt 0:0:16]} 54. Kg6 {[%emt 0:0:2]} f5 {[%emt 0:0:0]} 55. Bd2 {[%emt 0:0:44]} Bd4 {[%emt 0:0:6]} 56. Ba5 {[%emt 0:0:8]} Be3 {[%emt 0:0:8]} 57. Bb6 {[%emt 0:0:6]} Nc8 {[%emt 0:0:18]} 58. Bc7 {[%emt 0:0:8]
} Nd6 {[%emt 0:0:1]} 59. Kxh6 {[%emt 0:0:31]} Bxf4+ {[%emt 0:0:0]} 60. Kg6 {[%emt 0:0:1]} Be5 {[%emt 0:0:16]} 61. Bd5 {[%emt 0:0:11]} Kd7 {[%emt 0:0:15]} 62. Bb6 {[%emt 0:0:15]} Bd4 {[%emt 0:0:9]} 63. b4 {[%emt 0:0:38]
} Nc8 {[%emt 0:0:9]} 64. Bxc5 {[%emt 0:0:36]} Ne7+ {[%emt 0:0:0]} 65. Bxe7 {[%emt 0:0:3]} Kxe7 {[%emt 0:0:1]} 66. Kxf5 {[%emt 0:0:0]} Be3 {[%emt 0:0:19]} 67. Kg6 {[%emt 0:0:4]} Kf8 {[%emt 0:0:11]} 68. h6 {[%emt 0:0:2]} Bd4 {[%emt 0:0:3]} 69. h7 {[%emt 0:0:10]} Ke7 {[%emt 0:0:0]} 70. b5 {[%emt 0:0:3]} Kd6 {[%emt 0:0:9]} 71. b6 {[%emt 0:0:4]} 1-0

[Event "FIDE World Rapid-ch Open 2018"]
[White "Gaifullin, Artur"]
[Black "Zablotsky, Sergei"]
[Site "St. Petersburg"]
[Round "13.90"]
[Annotator "ChessBase"]
[Result "0-1"]
[Date "2018.12.28"]
[WhiteElo "2448"]
[BlackElo "2511"]
[PlyCount "84"]
[TimeControl "900+10"]

1. d4 {[%emt 0:0:0]} d6 {[%emt 0:0:0]} 2. Nf3 {[%emt 0:0:0]} g6 {[%emt 0:0:0]} 3. c4 {[%emt 0:0:1]} Bg7 {[%emt 0:0:0]} 4. e3 {[%emt 0:0:9]} e5 {[%emt 0:0:31]
} 5. Nc3 {[%emt 0:1:26]} Nd7 {[%emt 0:0:33]} 6. Be2 {[%emt 0:0:0]} Ngf6 {[%emt 0:0:22]} 7. 0-0 {[%emt 0:0:29]} 0-0 {[%emt 0:0:5]} 8. Re1 {[%emt 0:0:15]} Re8 {[%emt 0:0:38]} 9. Bf1 {[%emt 0:0:9]} e4 {[%emt 0:0:0]} 10. Nd2 {[%emt 0:0:2]} Nf8 {[%emt 0:0:6]} 11. h3 {[%emt 0:0:1]} h5 {[%emt 0:0:4]} 12. b4 {[%emt 0:0:2]} g5 {[%emt 0:1:55]} 13. Qc2 {[%emt 0:1:53]
} Qe7 {[%emt 0:0:20]} 14. f3 {[%emt 0:2:0]} exf3 {[%emt 0:0:0]} 15. Nxf3 {[%emt 0:0:1]} g4 {[%emt 0:0:44]} 16. Ng5 {[%emt 0:0:22]} c6 {[%emt 0:1:49]} 17. Bd3 {[%emt 0:1:17]} Nd5 {[%emt 0:2:5]} 18. cxd5 {[%emt 0:3:12]
} Qxg5 {[%emt 0:0:11]} 19. Ne4 {[%emt 0:0:18]} Qxd5 {[%emt 0:0:0]} 20. Rf1 {[%emt 0:0:10]} Re6 {[%emt 0:0:42]} 21. h4 {[%emt 0:1:42]} Re7 {[%emt 0:2:31]} 22. Ng5 {[%emt 0:0:30]} Be6 {[%emt 0:1:23]} 23. Bb2 {[%emt 0:0:8]
} c5 {[%emt 0:0:31]} 24. Rad1 {[%emt 0:2:24]} cxb4 {[%emt 0:0:0]} 25. Kh1 {[%emt 0:0:59]} Rc8 {[%emt 0:0:10]} 26. Qf2 {[%emt 0:0:3]} Qxa2 {[%emt 0:0:23]} 27. Rd2 {[%emt 0:0:1]} Qb3 {[%emt 0:0:3]} 28. d5 {[%emt 0:0:49]
} Bxb2 {[%emt 0:0:20]} 29. dxe6 {[%emt 0:0:2]} fxe6 {[%emt 0:0:0]} 30. Rxb2 {[%emt 0:0:40]} Qxd3 {[%emt 0:0:2]} 31. Qf6 {[%emt 0:0:2]
} Rec7 {[%emt 0:0:52]} 32. Rbf2 {[%emt 0:0:10]} Qg6 {[%emt 0:0:7]} 33. Qb2 {[%emt 0:0:12]} Rc2 {[%emt 0:0:7]} 34. Qxb4 {[%emt 0:0:20]} Rxf2 {[%emt 0:0:0]} 35. Rxf2 {[%emt 0:0:0]} g3 {[%emt 0:0:2]} 36. Rf1 {[%emt 0:0:4]} Qd3 {[%emt 0:0:4]} 37. Qe1 {[%emt 0:0:23]} Rc4 {[%emt 0:0:14]} 38. Nf3 {[%emt 0:0:11]
} Ng6 {[%emt 0:0:2]} 39. Kg1 {[%emt 0:0:11]} Rg4 {[%emt 0:0:0]} 40. Qa5 {[%emt 0:0:14]} Qxe3+ {[%emt 0:0:2]} 41. Kh1 {[%emt 0:0:1]} Qf4 {[%emt 0:0:21]} 42. Qxh5 {[%emt 0:0:22]} Rxh4+ {[%emt 0:0:3]} 0-1

[Event "FIDE World Rapid-ch Open 2018"]
[White "Gurvich, Vitaly"]
[Black "Sanikidze, Tornike"]
[Site "St. Petersburg"]
[Round "13.91"]
[Annotator "ChessBase"]
[Result "0-1"]
[Date "2018.12.28"]
[WhiteElo "2270"]
[BlackElo "2507"]
[PlyCount "86"]
[TimeControl "900+10"]

1. c4 {[%emt 0:0:0]} e6 {[%emt 0:0:0]} 2. d4 {[%emt 0:0:0]} d5 {[%emt 0:0:0]} 3. Nf3 {[%emt 0:0:0]} Nf6 {[%emt 0:0:0]} 4. Bg5 {[%emt 0:0:0]} h6 {[%emt 0:0:0]} 5. Bh4 {[%emt 0:0:2]} Bb4+ {[%emt 0:0:18]} 6. Nc3 {[%emt 0:0:0]} dxc4 {[%emt 0:0:9]} 7. Qa4+ {[%emt 0:0:50]} Nc6 {[%emt 0:0:1]} 8. e3 {[%emt 0:0:4]} Bd7 {[%emt 0:0:50]} 9. Qc2 {[%emt 0:2:9]} b5 {[%emt 0:0:0]} 10. Be2 {[%emt 0:0:9]} a6 {[%emt 0:0:13]} 11. 0-0 {[%emt 0:0:21]} Be7 {[%emt 0:0:2]} 12. Bxf6 {[%emt 0:0:15]} gxf6 {[%emt 0:0:23]} 13. e4 {[%emt 0:1:13]
} Qb8 {[%emt 0:2:17]} 14. d5 {[%emt 0:0:40]} Ne5 {[%emt 0:0:0]} 15. Nxe5 {[%emt 0:0:38]} fxe5 {[%emt 0:0:2]} 16. Bg4 {[%emt 0:0:3]} Qb6 {[%emt 0:0:4]} 17. dxe6 {[%emt 0:0:28]} fxe6 {[%emt 0:0:18]} 18. Bh5+ {[%emt 0:0:7]
} Kd8 {[%emt 0:0:1]} 19. b3 {[%emt 0:0:38]} cxb3 {[%emt 0:0:0]} 20. axb3 {[%emt 0:0:37]} Kc8 {[%emt 0:0:15]} 21. Rfd1 {[%emt 0:0:24]} Bc5 {[%emt 0:0:4]} 22. Rac1 {[%emt 0:1:34]} Rf8 {[%emt 0:0:5]} 23. Bf3 {[%emt 0:0:16]
} Bd4 {[%emt 0:0:46]} 24. Ne2 {[%emt 0:0:38]} Bxf2+ {[%emt 0:0:0]} 25. Kh1 {[%emt 0:0:1]} Be3 {[%emt 0:0:2]} 26. Qd3 {[%emt 0:0:49]} Rd8 {[%emt 0:0:1]} 27. Rc3 {[%emt 0:0:22]} Bg5 {[%emt 0:0:2]} 28. Qc2 {[%emt 0:2:14]
} Kb7 {[%emt 0:0:13]} 29. Rc5 {[%emt 0:0:33]} Bc6 {[%emt 0:0:0]} 30. Rxe5 {[%emt 0:0:31]} Rxd1+ {[%emt 0:0:1]} 31. Qxd1 {[%emt 0:0:1]} Rd8 {[%emt 0:0:1]} 32. Qb1 {[%emt 0:1:0]} Rd6 {[%emt 0:0:12]} 33. h3 Qe3 {[%emt 0:1:32]
} 34. b4 {[%emt 0:1:36]} Rd2 {[%emt 0:0:43]} 35. Ng1 {[%emt 0:0:0]} Qd4 {[%emt 0:3:52]} 36. Rxe6 {[%emt 0:0:15]} Rb2 {[%emt 0:0:2]} 37. Qf1 {[%emt 0:0:28]} Qc4 {[%emt 0:0:15]} 38. Qxc4 {[%emt 0:0:19]} bxc4 {[%emt 0:0:1]
} 39. Ne2 {[%emt 0:0:5]} Be3 {[%emt 0:1:5]} 40. Nc3 {[%emt 0:0:0]} Rxb4 {[%emt 0:0:36]} 41. e5 {[%emt 0:0:20]} Bxf3 {[%emt 0:0:4]} 42. gxf3 {[%emt 0:0:1]} Bd4 {[%emt 0:0:58]} 43. Nd5 {[%emt 0:0:22]} Rb5 {[%emt 0:0:3]
} 0-1

[Event "FIDE World Rapid-ch Open 2018"]
[White "Masrahi, Abdulrahman A"]
[Black "Sokolov, Andrei"]
[Site "St. Petersburg"]
[Round "13.92"]
[Annotator "ChessBase"]
[Result "0-1"]
[Date "2018.12.28"]
[WhiteElo "1903"]
[BlackElo "2532"]
[PlyCount "60"]
[TimeControl "900+10"]

1. d4 {[%emt 0:0:0]} d6 {[%emt 0:0:0]} 2. Bf4 {[%emt 0:0:0]} g6 {[%emt 0:0:0]} 3. e3 {[%emt 0:0:0]} Bg7 {[%emt 0:0:1]} 4. Nf3 {[%emt 0:0:0]} Nd7 {[%emt 0:0:7]} 5. h3 {[%emt 0:0:3]} e5 {[%emt 0:0:4]} 6. Bh2 {[%emt 0:0:0]} Ne7 {[%emt 0:0:2]} 7. Be2 {[%emt 0:0:5]} 0-0 {[%emt 0:0:3]} 8. 0-0 {[%emt 0:0:3]
} b6 {[%emt 0:0:29]} 9. a4 {[%emt 0:0:9]} a6 {[%emt 0:0:1]} 10. Nbd2 {[%emt 0:0:25]} Bb7 {[%emt 0:0:2]} 11. Nc4 {[%emt 0:0:11]} Nc6 {[%emt 0:1:15]
} 12. c3 {[%emt 0:0:12]} Qe7 {[%emt 0:0:22]} 13. Re1 {[%emt 0:0:0]} Rae8 {[%emt 0:0:32]} 14. Qb3 {[%emt 0:0:34]} Kh8 {[%emt 0:0:20]} 15. Rad1 {[%emt 0:0:56]} f5 {[%emt 0:0:17]} 16. Qa3 {[%emt 0:1:33]} h6 {[%emt 0:0:0]} 17. b4 {[%emt 0:1:16]} e4 {[%emt 0:0:39]} 18. Nfd2 {[%emt 0:0:30]} d5 {[%emt 0:0:3]} 19. Nb2 {[%emt 0:0:11]} Nf6 {[%emt 0:0:4]} 20. Qb3 {[%emt 0:0:43]
} g5 {[%emt 0:0:23]} 21. b5 {[%emt 0:0:20]} axb5 {[%emt 0:0:0]} 22. axb5 {[%emt 0:0:7]} Na5 {[%emt 0:0:38]} 23. Qb4 {[%emt 0:0:1]} Qf7 {[%emt 0:0:28]} 24. c4 {[%emt 0:0:55]} dxc4 {[%emt 0:0:4]} 25. Nbxc4 {[%emt 0:0:7]
} Nd5 {[%emt 0:0:2]} 26. Qb2 {[%emt 0:0:47]} f4 {[%emt 0:0:0]} 27. Rf1 {[%emt 0:1:4]} f3 {[%emt 0:0:20]} 28. gxf3 {[%emt 0:0:35]} exf3 {[%emt 0:0:3]} 29. Bxf3 {[%emt 0:0:48]} Nxc4 {[%emt 0:0:8]} 30. Nxc4 {[%emt 0:0:9]} Qxf3 {[%emt 0:0:3]} 0-1

[Event "FIDE World Rapid-ch Open 2018"]
[White "Hirneise, Tobias"]
[Black "Chen, Qi b"]
[Site "St. Petersburg"]
[Round "13.93"]
[Annotator "ChessBase"]
[Result "0-1"]
[Date "2018.12.28"]
[WhiteElo "2464"]
[BlackElo "2437"]
[PlyCount "60"]
[TimeControl "900+10"]

1. e4 {[%emt 0:0:0]} e5 {[%emt 0:0:0]} 2. Nf3 {[%emt 0:0:0]} Nc6 {[%emt 0:0:0]
} 3. Bb5 {[%emt 0:0:0]} Nf6 {[%emt 0:0:0]} 4. d3 {[%emt 0:0:0]} Bc5 {[%emt 0:0:0]} 5. c3 {[%emt 0:0:1]} 0-0 {[%emt 0:0:0]} 6. 0-0 {[%emt 0:0:3]
} d6 {[%emt 0:0:1]} 7. Re1 {[%emt 0:0:10]} a6 {[%emt 0:0:5]} 8. Ba4 {[%emt 0:0:1]} Ba7 {[%emt 0:0:9]} 9. h3 {[%emt 0:0:3]} h6 {[%emt 0:0:27]
} 10. Nbd2 {[%emt 0:0:2]} Ne7 {[%emt 0:0:10]} 11. Nf1 {[%emt 0:0:1]
} Ng6 {[%emt 0:0:6]} 12. Ng3 {[%emt 0:0:1]} Bd7 {[%emt 0:0:0]} 13. Bc2 {[%emt 0:0:8]} Re8 {[%emt 0:0:14]} 14. d4 {[%emt 0:0:1]} c5 {[%emt 0:0:15]
} 15. dxc5 {[%emt 0:1:30]} dxc5 {[%emt 0:0:14]} 16. Be3 {[%emt 0:0:3]
} Qc7 {[%emt 0:2:19]} 17. a4 {[%emt 0:0:10]} b5 {[%emt 0:0:18]
} 18. Qe2 {[%emt 0:1:23]} c4 {[%emt 0:0:20]} 19. Bxa7 {[%emt 0:0:59]} Rxa7 {[%emt 0:0:11]
} 20. Qe3 {[%emt 0:0:2]} Rb7 {[%emt 0:1:9]} 21. axb5 {[%emt 0:0:16]
} axb5 {[%emt 0:0:1]} 22. Ra6 {[%emt 0:0:16]} Be6 {[%emt 0:0:0]} 23. Nf5 {[%emt 0:0:24]} Rd8 {[%emt 0:0:31]} 24. Nxh6+ {[%emt 0:3:11]} gxh6 {[%emt 0:0:19]} 25. Qxh6 {[%emt 0:0:2]} Rb6 {[%emt 0:0:23]} 26. Rxb6 {[%emt 0:2:11]
} Qxb6 {[%emt 0:0:1]} 27. Re3 {[%emt 0:0:1]} Nh7 {[%emt 0:0:0]} 28. h4 {[%emt 0:1:27]} Qc5 {[%emt 0:0:59]} 29. Ng5 {[%emt 0:0:30]} Nxg5 {[%emt 0:0:14]} 30. Qxg5 {[%emt 0:0:17]} Qe7 {[%emt 0:0:7]} 0-1

[Event "FIDE World Rapid-ch Open 2018"]
[White "Al Thebaiti, Ahmed M"]
[Black "Borisenko, Viacheslav"]
[Site "St. Petersburg"]
[Round "13.94"]
[Annotator "NA"]
[Result "0-1"]
[Date "2018.12.28"]
[WhiteElo "1976"]
[BlackElo "2289"]
[PlyCount "59"]
[TimeControl "900+10"]

1. d4 {[%emt 0:0:52]} d5 {[%emt 0:0:6]} 2. Bf4 {[%emt 0:0:3]} Nf6 {[%emt 0:0:2]
} 3. e3 {[%emt 0:0:3]} c5 {[%emt 0:0:1]} 4. c3 {[%emt 0:0:0]} Qb6 {[%emt 0:0:13]} 5. Qb3 {[%emt 0:0:9]} c4 {[%emt 0:0:2]} 6. Qc2 {[%emt 0:0:5]
} g6 {[%emt 0:0:4]} 7. Nd2 {[%emt 0:0:50]} Bf5 {[%emt 0:0:7]
} 8. Qc1 {[%emt 0:0:4]} Nc6 {[%emt 0:0:15]} 9. Ngf3 {[%emt 0:1:56]} Bg7 {[%emt 0:0:32]
} 10. h3 {[%emt 0:0:2]} 0-0 {[%emt 0:0:3]} 11. b3 {[%emt 0:0:0]} cxb3 {[%emt 0:0:2]} 12. axb3 {[%emt 0:0:2]} Rac8 {[%emt 0:0:1]} 13. Be2 {[%emt 0:0:21]} Nb4 {[%emt 0:2:51]} 14. 0-0 {[%emt 0:1:59]} Nc2 {[%emt 0:0:3]
} 15. Ra2 {[%emt 0:0:26]} Rxc3 {[%emt 0:0:2]} 16. Qb2 {[%emt 0:0:20]
} Rfc8 {[%emt 0:0:23]} 17. g4 {[%emt 0:6:40]} Nb4 {[%emt 0:0:0]} 18. Ra4 {[%emt 0:0:13]} Nd3 {[%emt 0:0:19]} 19. Bxd3 {[%emt 0:0:13]} Bxd3 {[%emt 0:0:3]} 20. Rfa1 {[%emt 0:0:11]} h5 {[%emt 0:0:19]} 21. g5 {[%emt 0:0:11]
} Ne4 {[%emt 0:0:9]} 22. Nxe4 {[%emt 0:0:29]} Bxe4 {[%emt 0:0:0]} 23. Ne5 {[%emt 0:0:21]} Rxb3 {[%emt 0:0:7]} 24. Qd2 {[%emt 0:0:2]} Rc2 {[%emt 0:1:42]} 25. Qe1 {[%emt 0:2:31]} a6 {[%emt 0:0:13]} 26. Nd7 {[%emt 0:0:6]
} Qe6 {[%emt 0:0:3]} 27. Nc5 {[%emt 0:0:6]} Rxc5 {[%emt 0:0:0]} 28. dxc5 {[%emt 0:0:9]} Qxh3 {[%emt 0:0:3]} 29. f3 {[%emt 0:0:30]} Bxf3 {[%emt 0:0:1]} 30. Qg3 0-1

[Event "FIDE World Rapid-ch Open 2018"]
[White "Guimaraes, Diogo Duarte"]
[Black "Tsoi, Dmitry"]
[Site "St. Petersburg"]
[Round "13.95"]
[Annotator "NA"]
[Result "0-1"]
[Date "2018.12.28"]
[WhiteElo "2278"]
[BlackElo "2424"]
[PlyCount "80"]
[TimeControl "900+10"]

1. e4 {[%emt 0:1:51]} e5 {[%emt 0:0:0]} 2. Nf3 {[%emt 0:0:7]} d6 {[%emt 0:0:0]} 3. d4 {[%emt 0:0:21]} exd4 {[%emt 0:0:0]} 4. Nxd4 {[%emt 0:0:3]} Nf6 {[%emt 0:0:0]} 5. Nc3 {[%emt 0:0:3]} Be7 {[%emt 0:0:0]} 6. g3 {[%emt 0:1:18]
} d5 {[%emt 0:0:0]} 7. exd5 {[%emt 0:2:4]} Nxd5 {[%emt 0:0:0]} 8. Ndb5 {[%emt 0:0:55]} Nxc3 {[%emt 0:0:32]} 9. Qxd8+ {[%emt 0:0:2]} Bxd8 {[%emt 0:0:1]} 10. Nxc3 {[%emt 0:0:4]} 0-0 {[%emt 0:0:8]} 11. Be3 {[%emt 0:0:7]
} c6 {[%emt 0:0:48]} 12. 0-0-0 {[%emt 0:0:6]} Be6 {[%emt 0:0:0]} 13. Bg2 {[%emt 0:0:39]} Nd7 {[%emt 0:0:23]} 14. Ne4 {[%emt 0:0:3]} Bb6 {[%emt 0:0:16]} 15. Rhe1 {[%emt 0:0:41]} Rfd8 {[%emt 0:3:52]} 16. Ng5 {[%emt 0:0:13]
} Nf8 {[%emt 0:0:33]} 17. Bxb6 {[%emt 0:0:24]} axb6 {[%emt 0:0:0]} 18. Nxe6 {[%emt 0:0:16]} Rxd1+ {[%emt 0:2:41]} 19. Rxd1 {[%emt 0:0:0]} Nxe6 {[%emt 0:0:1]} 20. Rd7 {[%emt 0:0:12]} Rb8 {[%emt 0:0:3]} 21. b4 {[%emt 0:0:22]} Kf8 {[%emt 0:0:14]} 22. Bh3 {[%emt 0:0:18]} Ng5 {[%emt 0:0:0]} 23. Bg4 {[%emt 0:0:8]} Ne4 {[%emt 0:0:22]} 24. Rc7 {[%emt 0:1:4]} Ke8 {[%emt 0:3:35]} 25. b5 {[%emt 0:1:44]} cxb5 {[%emt 0:0:28]} 26. Bf3 {[%emt 0:0:16]
} Nd6 {[%emt 0:0:23]} 27. Bd5 {[%emt 0:0:33]} b4 {[%emt 0:0:0]} 28. f4 {[%emt 0:0:45]} Kd8 {[%emt 0:0:11]} 29. Rxf7 {[%emt 0:0:1]} Nxf7 {[%emt 0:0:1]} 30. Bxf7 {[%emt 0:0:1]} Ke7 {[%emt 0:0:3]} 31. Bd5 {[%emt 0:0:4]
} Kd6 {[%emt 0:0:3]} 32. Be4 {[%emt 0:0:1]} h6 {[%emt 0:0:0]} 33. Kd2 {[%emt 0:0:50]} Ra8 {[%emt 0:0:7]} 34. Bxb7 {[%emt 0:0:5]} Rxa2 {[%emt 0:0:1]} 35. Kd3 {[%emt 0:0:10]} b3 {[%emt 0:0:8]} 36. cxb3 {[%emt 0:0:2]
} Rxh2 {[%emt 0:0:2]} 37. Bc8 {[%emt 0:0:23]} Rb2 {[%emt 0:0:0]} 38. Kc3 {[%emt 0:0:5]} Rg2 {[%emt 0:0:14]} 39. g4 {[%emt 0:0:1]} Rf2 {[%emt 0:0:2]} 40. f5 {[%emt 0:0:18]} Rf4 {[%emt 0:0:3]} 0-1